Statistics for Single Letter Sports Teams Logos

Click here to take the quiz!

General Stats

  • This quiz has been taken 57 times
  • The average score is 23 of 28

Answer Stats

Answer% Correct
Cleveland Cavaliers
94%
Chicago Bears
90%
Green Bay Packers
90%
Tennessee Titans
90%
Washington Commanders
90%
Atlanta Falcons
88%
Miami Marlins
88%
Arizona Diamondbacks
87%
Cincinnati Reds
87%
Houston Rockets
87%
Indiana Pacers
87%
Los Angeles Angels
87%
Boston Bruins
85%
Colorado Avalanche
83%
Pittsburgh Pirates
83%
Philadelphia Phillies
81%
Boston Red Sox
79%
Seattle Kraken
77%
Dallas Stars
75%
Philadelphia Flyers
75%
Atlanta Braves
73%
Detroit Tigers
73%
Texas Rangers
73%
Washington Nationals
73%
Calgary Flames
69%
Cincinnati Bengals
69%
Cleveland Guardians
65%
Vancouver Canucks
65%

Score Distribution

Percentile by Number Answered

Percent of People with Each Score

Your Score History

You have not taken this quiz